| 000 | 00539nam a22002057a 4500 | ||
|---|---|---|---|
| 003 | LK-CoMWRAF | ||
| 005 | 20230910060113.0 | ||
| 008 | 230910b2003 |||||||| |||| 00| 0 eng d | ||
| 020 | _a9556250220 | ||
| 040 |
_aLK-CoMWRAF _dLK-CoMWRAF _eLK-CoMWRAF |
||
| 041 | _aeng | ||
| 082 |
_a297 _bISM |
||
| 100 | _aIsmail, Jezima | ||
| 245 | _aA Step at a time... | ||
| 260 |
_aColombo : _bMuslim women’s research and action forum, _c2003 |
||
| 650 | _aIslam | ||
| 650 | _aPeace building | ||
| 650 | _aModern civilization-Islam | ||
| 942 | _cBK | ||
| 999 |
_c3525 _d3525 |
||